000 00388cam a2200157ua 4500
041 _aeng
_h
082 _a823.038
_bBRE/KI
100 _aBrent, Peter Ludwing .
245 _aKind of wild justice /
_cPeter Ludwing Brent.
_hTextual Documents
250 _a1 /
_b.
260 _aLondon :
_bBodley Head ,
_c1964.
300 _a239 ; .
504 _a
942 _cBK
999 _c7827
_d7827